000 00215nam a22000977a 4500
999 _c15822
_d15822
003 OSt
008 191022b ||||| |||| 00| 0 eng d
100 _avivekanandan,G
_94333
245 _aNishabda rangangal
942 _cBK